Introduction to operations and supply chain management / (Record no. 24339)

MARC details
000 -LEADER
fixed length control field 00625nam a22002177a 4500
020 ## - INTERNATIONAL STANDARD BOOK NUMBER
ISBN 9789332510357
041 ## - LANGUAGE CODE
Language code of text/sound track or separate title English
082 ## - DEWEY DECIMAL CLASSIFICATION NUMBER
Classification number 658.7
Item number BOZ
100 ## - MAIN ENTRY--AUTHOR NAME
Author name Bozarth, Cecil C.
245 ## - TITLE STATEMENT
Title Introduction to operations and supply chain management /
Statement of responsibility, etc Cecil C. Bozarth, Robert B. Handfield.
250 ## - EDITION STATEMENT
Edition statement 3rd edition.
260 ## - PUBLICATION, DISTRIBUTION, ETC. (IMPRINT)
Place of publication Noida :
Name of publisher Pearson ,
Year of publication 2013.
300 ## - PHYSICAL DESCRIPTION
Number of Pages 507 Pages :
Other physical details illustrations ;
Dimensions 24 cm.
504 ## - BIBLIOGRAPHY, ETC. NOTE
Bibliography, etc Includes Index.
650 ## - SUBJECT ADDED ENTRY--TOPICAL TERM
Subject Management
650 ## - SUBJECT ADDED ENTRY--TOPICAL TERM
Subject Business logistics
650 ## - SUBJECT ADDED ENTRY--TOPICAL TERM
Subject Production management
700 ## - ADDED ENTRY--PERSONAL NAME
Author 2/ Editor Handfield Robert B.
942 ## - ADDED ENTRY ELEMENTS (KOHA)
Source of classification or shelving scheme Dewey Decimal Classification
Koha item type Books
Holdings
Withdrawn status Lost status Source of classification or shelving scheme Damaged status Not for loan Home library Current library Shelving location Date acquired Source of acquisition Full call number Accession Number Price effective from Koha item type
    Dewey Decimal Classification     Institute of Public Enterprise, Library Institute of Public Enterprise, Library S Campus 05/04/2026 Donated by Prof. S. Satish Kumar (IPE Faculty) 658.7 BOZ 51058 05/04/2026 Books

Maintained and Designed by
2cqr automation private limited, Chennai. All Rights Reserved.

You are Visitor Number

PHP Hits Count